000 00287nam a22001337a 4500
008 210507b ||||| |||| 00| 0 eng d
041 _aeng
080 _a91
082 _a91
100 _a42
101 _aGJEO
245 _aHistorical Atlas of the World
_cBerit Lie
942 _2udc
_cBK
999 _c57132
_d57132